| 000 | 03143cam a22004698i 4500 | ||
|---|---|---|---|
| 001 | on1420145941 | ||
| 003 | OCoLC | ||
| 005 | 20240620195750.0 | ||
| 006 | m o d | ||
| 007 | cr ||||||||||| | ||
| 008 | 231219s2024 miu ob 001 0 eng | ||
| 040 |
_aDLC _beng _erda _cDLC _dOCLCO _dYDX _dJSTOR _dEBLCP |
||
| 020 |
_a9780472904365 _q(ebook other) |
||
| 020 | _a0472904361 | ||
| 020 |
_z9780472076673 _q(hardcover) |
||
| 020 |
_z9780472056675 _q(paperback) |
||
| 035 | _a(OCoLC)1420145941 | ||
| 037 |
_a22573/cats13216965 _bJSTOR |
||
| 042 | _apcc | ||
| 050 | 0 | 0 | _aHM621 |
| 100 | 1 |
_aOwens, Trevor, _eauthor. |
|
| 245 | 1 | 0 |
_aAfter disruption : _ba future for cultural memory / _cTrevor Owens. |
| 263 | _a2405 | ||
| 264 | 1 |
_aAnn Arbor : _bUniversity of Michigan Press, _c2024. |
|
| 300 | _a1 online resource | ||
| 336 |
_atext _btxt _2rdacontent |
||
| 337 |
_acomputer _bc _2rdamedia |
||
| 338 |
_aonline resource _bcr _2rdacarrier |
||
| 504 | _aIncludes bibliographical references and index. | ||
| 520 | 3 | _aThe digital age is burning out our most precious resources and the future of the past is at stake. In After Disruption: A Future for Cultural Memory, Trevor Owens warns that our institutions of cultural memory-libraries, archives, museums, humanities departments, research institutes, and more-have been "disrupted," and largely not for the better. He calls for memory workers and memory institutions to take back control of envisioning the future of memory from management consultants and tech sector evangelists. After Disruption posits that we are no longer planning for a digital future, but instead living in a digital present. In this context, Owens asks how we plan for and develop a more just, sustainable, and healthy future for cultural memory. The first half of the book draws on critical scholarship on the history of technology and business to document and expose the sources of tech startup ideologies and their pernicious results, revealing that we need powerful and compelling counter frameworks and values to replace these ideologies. The second half of the book makes the case for the centrality of maintenance, care, and repair as interrelated frameworks to build a better future in which libraries, archives, and museums can thrive as sites of belonging and connection through collections." | |
| 588 | _aDescription based on print version record and CIP data provided by publisher; resource not viewed. | ||
| 590 |
_aJSTOR _bBooks at JSTOR Open Access |
||
| 650 | 0 |
_aCulture. _0http://id.loc.gov/authorities/subjects/sh85034755 |
|
| 650 | 0 |
_aCollective memory. _0http://id.loc.gov/authorities/subjects/sh2006002444 |
|
| 650 | 0 |
_aDigital preservation. _0http://id.loc.gov/authorities/subjects/sh95004496 |
|
| 650 | 0 |
_aInformation services. _0http://id.loc.gov/authorities/subjects/sh85066157 |
|
| 650 | 0 |
_aPreservation of materials. _0http://id.loc.gov/authorities/subjects/sh85106451 |
|
| 650 | 0 |
_aDisruptive technologies. _0http://id.loc.gov/authorities/subjects/sh2005020553 |
|
| 856 | 4 | 0 | _uhttps://www.jstor.org/stable/10.3998/mpub.12410213 |
| 942 | _cE-BOOK | ||
| 994 |
_a92 _bPHURS |
||
| 999 |
_c80644 _d80643 |
||